Revising an d editing for translators
Guardat en:
| Autor principal: | |
|---|---|
| Format: | Llibre |
| Idioma: | anglès |
| Publicat: |
Routledge
2020
|
| Etiquetes: |
Afegir etiqueta
Sense etiquetes, Sigues el primer a etiquetar aquest registre!
|
MARC
| LEADER | 00000nam a22000007a 4500 | ||
|---|---|---|---|
| 008 | 230116b |||||||| |||| 00| 0 eng d | ||
| 020 | |a 9781138895164 | ||
| 100 | |a MOSSOP, Brian | ||
| 245 | |a Revising an d editing for translators |c Brian Mossop, Jungmin Hong and Carlos Teixeira. |e Translation practices explained |g xxxi, 272p;ill | ||
| 250 | |b 4th | ||
| 260 | |b Routledge |c 2020 |h New York |i 699732 |i 699733 |l PN162.M85 |m Editing |m Translating and interpreting | ||
| 500 | |a Includes bibliographical references and index | ||
| 942 | |a lcc |c BK |e Johnson |f 16.01/23 | ||
| 952 | |0 0 |1 0 |2 lcc |4 0 |6 PN0162 M85 |7 0 |9 4153 |a ART |b HOL |c LP |d 2023-01-16 |l 0 |o PN162.M85 |p 2023-0084 |r 2023-01-16 00:00:00 |t 699732 |w 2023-01-16 |y BK | ||
| 952 | |0 0 |1 0 |2 lcc |4 0 |6 PN0162 M85 |7 0 |9 4154 |a HOL |b HOL |c LP |d 2023-01-16 |l 0 |o PN162.M85 |p 2023-0085 |r 2023-01-16 00:00:00 |t 699733 |w 2023-01-16 |y BK | ||
| 999 | |c 2080 |d 2080 | ||